| 000 | 00981nam a22003017a 4500 | ||
|---|---|---|---|
| 001 | 373 | ||
| 003 | FISKH | ||
| 005 | 20230330083646.0 | ||
| 008 | 230330b cb ||||| |||| 00| 0 eng d | ||
| 020 | _a0590435027 | ||
| 040 |
_aDLC _cDLC _dDLC _dFISKH _beng |
||
| 042 | _alcac | ||
| 050 | 0 | 0 |
_aQE509 _b.M244 1979 |
| 082 | 0 | 0 | _a551.1/1 |
| 100 | 1 | _aMcNulty, Faith. | |
| 245 | 1 | 0 |
_aHow to dig a hole to the other side of the world / _cby Faith McNulty ; pictures by Marc Simont. |
| 260 |
_aNew York : _bScholastic _c1990 |
||
| 300 |
_a32 pages. : _bcol. ill. ; _c26 cm. |
||
| 505 | _aK | ||
| 520 | _aA child takes an imaginary 8,000-mile journey through the earth and discovers what's inside. | ||
| 521 | 8 |
_a600
_bLexile |
|
| 521 | 8 |
_aK
_bRaz-Plus |
|
| 651 | 0 |
_aEarth (Planet) _xInternal structure _vJuvenile literature. |
|
| 651 | 1 |
_aEarth (Planet) _xInternal structure. |
|
| 700 | 1 | _aSimont, Marc. | |
| 906 |
_a7 _bcbc _corignew _d1 _eocip _f19 _gy-gencatlg |
||
| 942 |
_2ddc _cBK _n0 |
||
| 999 |
_c373 _d373 |
||